[Event "NED-ch55"]
[Site "Rotterdam"]
[Date "2000.05.07"]
[Round "1"]
[White "Nijboer, Friso"]
[Black "Tiviakov, Sergei"]
[Result "0-1"]
[WhiteElo "2540"]
[BlackElo "2567"]
[Annotator "Tsesarsky,I"]
[PlyCount "98"]
[EventDate "2000.05.07"]
[EventType "tourn"]
[EventRounds "11"]
[EventCountry "NED"]
[EventCategory "12"]
[SourceTitle "CBM 077"]
[Source "ChessBase"]
[SourceDate "2000.07.27"]
[SourceVersion "1"]
[SourceVersionDate "2000.07.27"]
[SourceQuality "1"]

1. e4 c5 2. Nf3 Nc6 3. d4 cxd4 4. Nxd4 g6 5. c4 Nf6 6. Nc3 d6 7. Be2 Nxd4 8.
Qxd4 Bg7 9. O-O O-O 10. Qe3 Be6 11. Rb1 Qb6 12. Qd3 Rfc8 13. b3 Nd7 (13... a6
14. Bd2 (14. Be3 Qa5 15. Bd2 $5 Qb6 (15... Qd8 16. a4 $1 (16. f4 b5 $132) 16...
Nd7 17. Nd5 Nc5 18. Qe3 a5 19. f4 Bd7 20. Bc3 Bxc3 21. Nxc3 Bc6 22. Bg4 $14 {
1-0 Korneev,Oleg-Antunes,Antonio/Benasque op (8) ;CBM 53 ext 1996 (41)}) 16.
Kh1 Bd7 17. f4 Bc6 18. Nd5 $1 Nxd5 19. exd5 Bd7 20. f5 $1 Bxf5 21. Rxf5 gxf5
22. Qxf5 $14 {[%cal Ge2d3]}) 14... Qd8 15. Rbc1 Bd7 16. a4 Bc6 17. Nd5 Nd7 18.
Bg5 f6 19. Be3 e6 20. Nc3 Nc5 21. Qc2 a5 22. Rfd1 Qe7 23. f3 $14 {1-0 Tukmakov,
Vladimir B-Yrjola,Jouni/Katerini op ;CBM 32 ext 1992 (41)}) (13... Qd8 14. Bg5
a6 15. a4 Nd7 16. Nd5 Bxd5 17. exd5 Bf6 18. h4 Qf8 19. Qe3 a5 20. Bg4 $14 {
1-0 Mueller,Mat-Herbrechtsmeier,Christof/Bundesliga 9394 ;GER-chT 1994 (41)})
14. Nd5 (14. Be3 Ne5 15. Qd2 (15. Qd1 Qa5 16. Bd4 Nc6 17. Bxg7 Kxg7 $11 {
0-1 Grabics,Monika-Lakos,Nikoletta/EU-ch U20 Girls (7) ;EXT 97 1995 (31)})
15... Qa5 16. Nd5 Qxd2 17. Bxd2 Kf8 $11) 14... Bxd5 15. exd5 Qa5 (15... Qd4 16.
Qh3 Nc5 17. Be3 Qf6 18. f4 Qc3 19. Rfc1 Qf6 $132 {1/2-1/2 Krasenkow,
Michal-Khalifman,Alexander/RUS-ch Elista (8) ;CBM 50 1995 (24) This position
is equal. Par B and Q on the a1-h8 diagonal is very strong. White can't play
b3-b4 because of Nc5-a4 with good position and domination of Black pieces on
the black squares.-Tsesarsky}) 16. Bb2 (16. a3 Rc7 (16... b5 17. cxb5 Rc3 18.
Qd1 $16) 17. Qe3 (17. b4 Qa4 18. Re1 Ne5 19. Qe4 f5 20. Qe3 Qd7 $11 {[%csl Rc4]
}) 17... Bf6 (17... Kf8 18. f4 $14) 18. Rd1 (18. b4 Qa4 $11) 18... a6 $132)
16... Bxb2 (16... Qxa2 $2 17. Bxg7 Kxg7 18. Qc3+ Kg8 19. Bg4 Nc5 (19... f5 20.
Ra1 $18) 20. Bxc8 Rxc8 21. Rfe1 $16) 17. Rxb2 Qa3 $1 {Black was lucky to
change 3 pars of pieces and now White attack on Kg8 is not dangerous. In other
side, Black is ready to develop initiative on Queenside.} 18. Rd2 a5 19. Qe3 (
19. h4 a4 20. Qe3 axb3 21. axb3 Qb4 22. Bd1 b5 {And Black develop the
initiative on the Queenside than White on the Kingside faster.}) 19... Re8 20.
Bg4 Nf6 (20... Nc5 21. Rb1 Qb4 (21... a4 22. b4 Qxe3 23. fxe3 Ne4 24. Rd4 f5
25. Bf3 Ng5 26. c5 $14) 22. a4 f5 (22... Nxa4 23. Bd7 Nc3 24. Bxe8 Nxb1 25.
Qxe7 $3 $18) 23. Bd1 Nxa4 24. Bc2 Nc5 25. Qg5 $44) 21. Bh3 (21. Bd1 $132 {
[%cal Gh2h4,Gd1a4]} Qb4 22. a4 e6 23. dxe6 Rxe6 24. Qd4 Rae8 25. Bc2 $11) 21...
a4 22. g3 (22. Qb6 axb3 23. axb3 Qa5 24. Qxa5 Rxa5 25. b4 Ra4 26. Rb1 $11)
22... axb3 23. axb3 Qb4 24. Rc1 Ra3 (24... b5 25. Rdc2 Ra3 26. Rc3 $11 {
[%csl Yc4][%cal Gh3f1]}) 25. Rd3 b6 26. Kg2 (26. Rb1 $11) 26... Ra2 {Position
is equal: White haven't enough resourses for Attack on the Kingside, in other
side, White is able to defend the Queenside.} 27. Rd4 Qa3 (27... Ra3 28. Rc3
Ra1 (28... Rea8 29. c5 $16) 29. Qd2 (29. c5 $2 Qb5 $1 $19) 29... Ra2 30. Qxa2
Qxc3 31. Rd1 $11) 28. Rf4 {[%csl Rf6][%cal Gf4f6]} (28. Rb1 $11) 28... Qc5 (
28... Kg7 $2 29. Re1 Qc5 (29... Qa7 30. Rxf6 $18) 30. Qc3 {[%csl Re7][%cal
Ge1e7]} Qa5 31. b4 Qa3 32. Qd4 Qb2 33. Qxb6 $16) (28... Qb2 29. Rd1 Ra3 30. Rf3
{[%csl Gb3]} b5 $132) 29. Qe1 (29. Qc3 Rea8 30. b4 Qc7 31. Qe1 $132) 29... Raa8
30. b4 $11 {This P promotion don't change Position evaluation - equal.} Qc7 31.
Qd2 (31. Rc3 {[%cal Gc3e3,Ge3e7,Gf4f6]} b5 32. Re3 {[%csl Rf6]} Kf8 33. Qc3
bxc4 34. Rxc4 Qb7 35. Rd3 Ra2 36. Rc7 (36. Bc8 Qb5 $132) 36... Qb5 37. Bd7 Qb6
38. Rf3 Rea8 39. b5 Kg8 $132) 31... Ra7 32. Kg1 Rea8 33. c5 $2 $17 {[%mdl 8192]
} (33. Rd4 $11) 33... bxc5 34. bxc5 Ra1 (34... dxc5 35. d6 Qd8 36. Rxc5 (36.
Bg2 Rb8 $19) 36... Qxd6 $1 37. Qxd6 exd6 38. Rc1 Kg7 39. Rd4 Ra1 $17) 35. Bf1
$2 $19 (35. Rfc4 dxc5 36. Bg2 Qd6 $17 {And White must try to change Pd5 for
Pc5 with 3P against 4P with chances to draw.}) 35... Rxc1 36. Qxc1 Qxc5 37.
Qxc5 dxc5 38. d6 (38. Rc4 Ra5 39. Bg2 Ra1+ 40. Bf1 Nd7 $19) 38... Nh5 39. Rf3
exd6 40. Bc4 Ra7 41. h4 Kg7 (41... Ng7 $19) 42. g4 Nf6 43. g5 Ng4 44. Bd5 Ne5
45. Rf6 Ra1+ 46. Kg2 Rd1 47. Rxd6 Nd3 {[%csl Rd5,Rg2][%cal Gd1d6]} 48. Rf6 Ne1+
49. Kf1 Nc2+ 0-1

[Event "ISR-Kasparov handicap"]
[Site "Tel Aviv"]
[Date "1998.05.19"]
[Round "1.1"]
[White "Kasparov, Garry"]
[Black "Alterman, Boris"]
[Result "1/2-1/2"]
[WhiteElo "2825"]
[BlackElo "2615"]
[Annotator "Tsesarsky,I"]
[PlyCount "49"]
[EventDate "1998.05.19"]
[EventType "simul"]
[EventRounds "2"]
[EventCountry "ISR"]
[SourceTitle "CBM 065"]
[Source "ChessBase"]
[SourceDate "1998.08.06"]
[SourceVersion "1"]
[SourceVersionDate "1998.08.06"]
[SourceQuality "1"]

1. e4 c5 2. Nf3 Nc6 3. d4 cxd4 4. Nxd4 g6 5. c4 Nf6 6. Nc3 d6 7. f3 Nxd4 8.
Qxd4 Bg7 9. Be3 O-O 10. Qd2 a5 (10... Be6 11. Rc1 (11. Nb5 a6 12. Nd4 Rc8 13.
Nxe6 fxe6 14. Be2 d5 $132 {1/2-1/2 Haensel,T-Grafl,F/GER-chJM U15 Pinneberg
1996 (31)}) (11. Bd3 Nd7 12. O-O Ne5 13. b3 Qa5 14. Rac1 Rfc8 (14... Nxd3 15.
Qxd3 a6 $11) 15. Rfd1 a6 $11 {0-1 Rudolph,R-Friedman,A/St.Martin op 1993 (18)})
11... Qa5 12. Nd5 $14 {Main line}) (10... Qa5 11. Rc1 $1 $14 (11. a3 Be6 12. b4
Qd8 13. Rc1 Rc8 14. Nb5 (14. Nd5 $132) 14... a6 15. Nd4 Bd7 $132 {Savon,V-Tal,
M/Suhumi 1972/1/2-1/2 (69)}) (11. Nb5 Qxd2+ 12. Kxd2 b6 13. a4 Nd7 14. Ra2 Bb7
15. Be2 Rfc8 16. a5 Bc6 17. axb6 axb6 18. Na7 Bb7 19. Rha1 Rc7 20. Nb5 Rcc8 {
Richardson,K-Estrin,J/corr W-7ch f 1975/1-0 (48)} 21. Ra7 $14) (11. Be2 Be6 12.
Nd5 Qxd2+ 13. Kxd2 Nxd5 14. cxd5 Bd7 15. Rac1 Rfc8 $11 {1/2-1/2 Averbakh,
Y-Georgadze,T/Polanica Zdrój 1976 (20)})) (10... a6 11. Rc1 Bd7 12. b3 Qa5 13.
Be2 Rfc8 14. Bd4 Bc6 15. O-O Nd7 16. Bxg7 Kxg7 17. Kh1 (17. f4 b5 18. Qd4+ Kg8
19. cxb5 axb5 20. b4 Qb6 $11 {Hobusch,W-Rosenhahn,E/3.DDR-PK/E L62/64/75 S.917
1975/1/2-1/2 (53)}) 17... Kg8 18. f4 b5 19. Qb2 bxc4 20. Bxc4 Nf6 21. Rce1 Qh5
22. Qf2 Bb5 23. e5 Bxc4 24. bxc4 Ng4 25. Qg3 Rxc4 $15 {Suetin,A-Forintos,G/
Budapest 1970/1-0 (86)}) 11. Be2 (11. b3 $6 a4 12. b4 (12. Rc1 axb3 13. axb3
Qa5 14. Bd3 Nd7 15. O-O Nc5 $11) (12. bxa4 Nd7 13. Rb1 Nc5 $15) 12... Be6 (
12... b5 13. cxb5 Bb7 14. Rd1 $14) 13. Rd1 Qc8 14. Nd5 Bxd5 15. exd5 (15. cxd5
Nxe4 $19) 15... e6 $1 (15... b5 $6 16. cxb5 Ne4 17. Qd3 $8 Qc3+ 18. Qxc3 Bxc3+
(18... Nxc3 19. Rd2 Rac8 20. b6 Nb1 21. Rd1 (21. Ba6 Rc1+ (21... Ra8 22. b5 Bc3
23. Ke2 Nxd2 24. Bxd2 Bxd2 25. Kxd2 Rab8 26. b7 e6 27. Rc1 exd5 28. Rc8 Kg7 29.
Kc3 Kf6 30. Kb4 Ke7 31. Kxa4 $16 (31. Ka5 d4 32. Kxa4 Kd7 33. Kb4 $16)) (21...
Nxd2 22. Kxd2 Rc3 23. Rc1 Rxc1 24. Kxc1 $16) 22. Rd1 Rxd1+ 23. Kxd1 Nc3+ 24.
Kd2 Nxd5 25. b5 $14) 21... Nc3 22. Rd2 Nb1 $11) 19. Ke2 Nf6 20. a3 $16) 16.
dxe6 Qxe6 17. Kf2 Rfe8 18. Bf4 Rad8 19. Bd3 d5 20. c5 Qc6 21. Rhe1 Rxe1 22.
Rxe1 b6 23. Rc1 bxc5 24. Rxc5 Qb7 25. a3 (25. Rc7 Qb6+ 26. Kf1 Nh5 $15) 25...
Nh5 26. Be3 d4 27. Bh6 Qe7 $132) 11... a4 12. O-O Qa5 13. Rac1 Bd7 (13... Be6
$5 14. Nd5 Rfe8 (14... Bxd5 15. Qxa5 Rxa5 16. cxd5 $16) (14... Nxd5 15. Qxa5
Rxa5 16. cxd5 Bc8 17. Rc7 Bxb2 18. Rxe7 f5 19. Bh6 (19. Rc7 $5 $16) 19... Bd4+
20. Kh1 Rd8 21. Bd3 $16) 15. Qxa5 Rxa5 16. Nc7 Rc8 17. Nxe6 fxe6 18. Rfd1 Kf7
19. Rc2 $14) 14. c5 (14. Rfd1 Rfd8 15. Bf1 (15. Nd5 Nxd5 16. cxd5 Qxd2 17. Rxd2
Rdc8 18. Rdc2 Rxc2 19. Rxc2 Rc8 20. Rxc8+ Bxc8 21. Bb5 Bxb2 22. Bxa4 $11) 15...
Bc6 16. Qf2 Nd7 17. Nd5 Re8 18. b4 axb3 19. axb3 $14) 14... Bc6 (14... dxc5 $4
15. e5 $18 {[%csl Rd7]}) (14... Rfd8 15. cxd6 Bc6 {This game}) 15. cxd6 Rfd8
16. Nb1 (16. Nd5 $6 Qxd2 (16... Bxd5 17. Qxa5 (17. dxe7 Re8 18. exd5 Qxd2 $1 (
18... Nxd5 19. Qxa5 Rxa5 20. Rfd1 (20. Rc5 Nxe3 21. Rxa5 Nxf1 22. Kxf1 Bxb2 23.
Rb5 Bf6 24. Rxb7 Rxe7 $11) 20... Bxb2 (20... Nxe3 21. Rd8 Ra8 22. Rxa8 Rxa8 23.
Bb5 Bxb2 24. Rb1 Bd4 25. e8=Q+ Rxe8 26. Bxe8 $18) 21. Rc5 Rxc5 (21... Nxe3 22.
Rc8 $1 Rxc8 23. Rd8+ Kg7 24. Rxc8 (24. e8=Q Rxd8 25. Qxd8 Rd5 26. Qe8 a3 $44)
24... Re5 25. e8=Q Rxe8 26. Rxe8 $16) 22. Bxc5 Nxe7 23. Bb5 Nc6 24. Bxa4 $14)
19. Bxd2 Nxd5 $11) 17... Rxa5 18. dxe7 Re8 19. Bb6 Raa8 20. exd5 Nxd5 21. Bc5
Bxb2 22. Rc2 b6 23. Bxb6 Ba3 24. Bf2 Rxe7 25. Rd1 (25. Bb5 Ne3 26. Bxe3 Rxe3
$11) 25... Rxe2 26. Rxe2 Nc3 $11) 17. Nxe7+ Kh8 18. Bxd2 Rxd6 19. Bb4 $18)
16... Qxd2 17. Nxd2 (17. Bxd2 exd6 18. Rfd1 d5 19. e5 Nd7 20. f4 Re8 21. Bg4
$11) 17... exd6 (17... Rxd6 18. Nc4 (18. e5 Re6 19. exf6 Rxe3 20. Kf2 Bh6 $15)
18... Rdd8 19. Nb6 Ra5 20. Rfd1 $14) 18. Nc4 d5 19. Nb6 Ra5 20. e5 Nd7 21. f4
Nf8 (21... Bb5 22. Bxb5 Rxb5 23. Nxd7 Rxd7 24. Rc8+ Bf8 25. f5 $18) 22. Bd2 (
22. Rfd1 Ne6 23. Bd2 Rc5 24. Rxc5 (24. Bf3 Rxc1 25. Bxc1 f6 26. Nxd5 (26. exf6
Bxf6 27. Nxd5 Bd4+ $17) 26... fxe5 27. Ne7+ Kf7 28. Nxc6 bxc6 29. Rxd8 Nxd8 30.
fxe5 Bxe5 31. g3 $16 (31. Kf2 $16)) 24... Nxc5 25. Bb4 (25. g4 d4 26. Kf2 g5
$132) 25... Ne6 26. g3 $16) 22... Ra7 23. Be3 (23. Rfd1 $14) 23... Ra5 24. Bd2
Ra7 25. Be3 1/2-1/2

[Event "Reggio Emilia 9697 39th"]
[Site "Reggio Emilia"]
[Date "1997.01.04"]
[Round "9"]
[White "Razuvaev, Yuri S"]
[Black "Mantovani, Renzo"]
[Result "1-0"]
[WhiteElo "2560"]
[BlackElo "2360"]
[Annotator "Tsesarsky,I"]
[PlyCount "124"]
[EventDate "1996.12.26"]
[EventType "tourn"]
[EventRounds "9"]
[EventCountry "ITA"]
[EventCategory "11"]
[SourceTitle "CBM 057"]
[Source "ChessBase"]
[SourceDate "1997.04.01"]
[SourceVersion "1"]
[SourceVersionDate "1997.04.01"]
[SourceQuality "1"]

1. c4 c5 2. Nf3 Nf6 3. Nc3 Nc6 4. d4 cxd4 5. Nxd4 g6 6. e4 d6 7. Be2 Nxd4 8.
Qxd4 Bg7 9. Be3 (9. Bg5 {- 61/(188)}) 9... O-O 10. Qd2 Be6 11. Rc1 (11. O-O {
- 61/(188)}) 11... Qa5 12. f3 Rfc8 13. b3 a6 14. Na4 Qxd2+ 15. Kxd2 Nd7 (15...
Rc6 16. g4 Kf8 17. Nb6 Rb8 18. Nd5 Rcc8 19. Nf4 Bd7 20. g5 Ne8 21. Nd5 Nc7 22.
Nb6 Rd8 23. h4 $14 {1-0 Tseshkovsky,V-Zilberman,Y/Leeuwarden op 1994 (47)}) 16.
g4 (16. Nc3 {/\ Nd5}) 16... f5 (16... Rc6 17. h4 h6 18. Nc3 f5 19. Nd5 Kf7 20.
exf5 gxf5 21. g5 hxg5 22. hxg5 Nf8 23. f4 Ke8 24. Bf3 $16 {1-0 Soffer,R-Almasi,
I/Budapest FS06 GM 1993 (46)}) (16... Kf8 17. h3 Rc6 18. f4 Nc5 19. Nxc5 dxc5
20. Rhd1 Rd8+ 21. Ke1 Rxd1+ 22. Rxd1 Ke8 23. Bf3 Bc3+ 24. Kf1 Rc7 25. f5 Bc8
26. Bf4 Rd7 27. Rxd7 Bxd7 28. Ke2 {1/2-1/2 Liss,E-Alterman,B/Rishon le Zion YM
1995}) 17. exf5 (17. gxf5 gxf5 18. Rhg1 Kh8 19. Nc3 fxe4 20. Nxe4 d5 21. Ng5
Bg8 22. cxd5 Bxd5 23. Rg3 Rxc1 24. Kxc1 Nf6 $11 {1/2-1/2 Lau,R-Polgar,Z/New
York (Manhattan) 1985 (30)}) 17... gxf5 18. h3 (18. g5 d5 19. f4 dxc4 20. bxc4
Rd8 (20... Rc7 $11) 21. Ke1 b5 $5 (21... Rac8 $11) 22. cxb5 axb5 23. Bxb5 Ra5
$2 (23... Bxa2 24. Rc7 Nf8 $1 $11 25. Rxe7 $140 Bb3 $1 26. Bc6 Rxa4 27. Bxa4
Bxa4 $17) 24. Bxd7 $1 $16 {1-0 Suba,M-Gdanski,J/Budapest zt-A 1993 (44)}) 18...
Rc7 $146 (18... Rf8 {/\ f4} 19. f4 Rad8 $5 {N} (19... d5 {- 59/200}) 20. Nc3 d5
$5 (20... Nf6 21. g5 Ne4+ 22. Nxe4 fxe4 23. Bb6 Rd7 24. Ke3 $16) 21. gxf5 (21.
cxd5 Nf6 22. Bf3 fxg4 $1 23. hxg4 Bxg4 $15) 21... Bxf5 (21... Rxf5 $5 {/\ d4}
22. cxd5 Nf6 $13) 22. cxd5 Nf6 23. Bb6 Rd7 24. Ke3 Rc8 $1 25. Bf3 (25. Bc4 Rd6
26. Bd4 b5 27. Be2 Rxc3+ $1 $17) 25... e6 $1 26. Bd4 exd5 27. Rcg1 (27. Rhg1 $5
) 27... Re8+ 28. Kd2 Ne4+ 29. Bxe4 dxe4 30. Rxg7+ (30. Ke3) 30... Rxg7 31. Bxg7
Rd8+ 32. Ke2 Kxg7 $11 {1-0 Rodriguez,A-Antunes,A/Matanzas 1994 (65) R 9/i}) 19.
Rhg1 Rf8 20. f4 Nc5 (20... Nf6 21. Bb6 Rc6 22. Bf3 d5 23. Ke3 fxg4 24. hxg4 Bd7
25. f5 $1 $16 (25. Bd4 $2 Nxg4+ $1 26. Rxg4 Bxg4 27. Bxd5+ (27. Bxg4 $4 Bxd4+
28. Kxd4 Rxf4+ $19) 27... e6 28. Bxg7 exd5 29. Bxf8 Kxf8 30. Rg1 Re6+ 31. Kf2
h5 32. cxd5 Re2+ 33. Kg3 Rxa2 $15)) 21. Nc3 (21. Nxc5 dxc5 22. Rcd1 Rd7+ $11)
21... fxg4 (21... Kf7 $5 {[%cal Gb7b5]}) (21... b5 $5 22. gxf5 $5 Bxf5 23. Bd4
Ne6 24. Bxg7 (24. Nd5 Rb7 25. Bxg7 Nxg7 26. Bf3 Ra7 $11) 24... Nxg7 25. h4 b4
26. Nd5 Rb7 27. Bf3 Kf7 28. h5 h6 29. Ne3 $14) 22. hxg4 b5 $5 23. f5 b4 $8 $11
{!} (23... Bf7 24. b4 Bxc3+ 25. Kxc3 Nb7 26. Kd4 e5+ 27. fxe6 Bxe6 28. cxb5
Rxc1 29. Rxc1 axb5 30. Bxb5 $16) 24. Nd1 $2 (24. Nd5 $8 Bxd5 25. cxd5 Ne4+ 26.
Kd3 Rxc1 27. Rxc1 Nc3 $11) 24... Bc8 $1 (24... Bd7 $6 25. Nf2 (25. Bf3 e6 26.
Bf4 Bc6 27. Bxc6 Rxc6 $15) 25... e6 26. fxe6 Bc3+ 27. Kc2 Bxe6 (27... Nxe6 28.
Rcd1 Re8 29. Bf3 Nc5 $11) 28. Rcd1 Be5 $11) 25. Nf2 $6 (25. Bf3 $142 e6 26. Bf4
Be5 $1 (26... exf5 27. Bxd6 $18 Rd8 28. Bd5+) 27. Bh6 (27. Bxe5 dxe5 28. Ne3
Kh8 29. Rce1 Rd7+ $1 (29... Rg7 30. Nc2) 30. Ke2 Rdf7 $17) 27... Rff7 (27...
Bg7 28. Bf4 $1 $11) 28. Ne3 (28. Ke3 Rce7 $17) 28... Kh8 $5 29. Ke2 Rce7 $17)
25... a5 $2 (25... e6 $1 26. fxe6 Bc3+ (26... Re7 $1 27. Rcf1 (27. Bd3 Bc3+ 28.
Ke2 Nxe6 29. Be4 Nf4+ 30. Kd1 Nh3 31. Bd5+ Kg7 $19) 27... Bc3+ 28. Kd1 Rxe6 29.
Bd2 Bd4 $1 30. Be1 Ne4 31. Nxe4 Bxg1 32. Rxg1 Rxe4 33. Bxb4 Rf2 34. Bd3 Rxg4
$19) 27. Kc2 Re7 28. Rcf1 Rxe6 29. Rg3 $1 (29. Nd1 Rfe8 30. Rf3 Bd4 31. Kd2 (
31. Bxd4 Rxe2+ 32. Kb1 R8e4 33. Re3 R2xe3 34. Bxe3 Rxg4 35. Rxg4+ Bxg4 36. Nf2
h5 37. Bf4 Bf5+ 38. Kc1 (38. Kb2 Nb7 $19) 38... Nb7 $19) 31... Bb7 32. Rh3 Ne4+
$19 {[%csl Rd2][%cal Ge4g5]}) 29... Bd4 30. Bxd4 (30. Nd1 $1 Rfe8 (30... Bb7
31. Rxf8+ Kxf8 32. Bd3 Nxd3 33. Kxd3 Bxe3 34. Nxe3 $11) 31. Bxd4 Rxe2+ 32. Kc1
Rxa2 (32... R8e4 33. Rf2 Rxf2 34. Bxf2 Rxg4 35. Rxg4+ Bxg4 36. Bxc5 dxc5 37.
Nb2 h5 38. Kd2 h4 39. Ke3 Bc8 40. Kf4 Kf7 41. Nd3 a5 42. Nxc5 Ke7 43. Ne4 $11)
33. Bb2 Bb7 34. Kb1 Ra5 35. Kc1 d5 36. Re3 Rxe3 37. Nxe3 Nd3+ 38. Kc2 Nxb2 39.
Kxb2 dxc4 40. Nxc4 Rg5 $17) 30... Rxe2+ 31. Kc1 (31. Kb1 Ne4 $19) 31... Rxa2
$19 {[%csl Rc1][%cal Gf8f1,Ga6a5]}) 26. Bd3 a4 $6 (26... e6 $1 27. fxe6 Bc3+
28. Ke2 Nxe6 $15) 27. Bc2 (27. Bxc5 dxc5 28. Ne4 e6 29. bxa4 (29. fxe6 axb3 30.
axb3 Bxe6 31. g5 $5 Bd4 32. Rgf1 Rcf7 33. Rxf7 Rxf7 34. Rh1 Rf3 35. Nf6+ (35.
Nd6 Bh3 $1 $15) 35... Bxf6 36. gxf6 Rh3 37. Rg1+ Kf7 38. Rg5 Kxf6 39. Rxc5 Rh2+
40. Ke3 Rb2 $11) 29... exf5 30. gxf5 Rxf5 31. Rcf1 Rxf1 32. Rxf1 Bd4 $15) 27...
axb3 28. axb3 Bb7 (28... e6 29. fxe6 Bxe6 30. Rh1 Bc3+ 31. Ke2 $11) (28... d5
$2 29. cxd5 Rd8 30. Ke2 Rxd5 31. Be4 Ba6+ (31... Re5 32. Bf4 $18) 32. Kf3 Re5
33. Bf4 $18) 29. Nd3 (29. Ke2 Ra8 $1) 29... Bc3+ 30. Ke2 Ra8 $5 (30... Nxd3 31.
Bxd3 Ra8 $1 $11) (30... Ne4 31. Nf4 $14) 31. Nxc5 dxc5 32. Rcd1 Bc6 $2 (32...
Ra2 $1 33. Rd8+ Kf7 34. Kd3 (34. Rc1 $4 Be4 35. Bh6 (35. Kd1 Bf3#) 35... e6 $19
) 34... e5 $1 35. fxe6+ Kxe6 $11) 33. g5 $14 Ra2 34. Rd8+ Kg7 35. Kd3 Rxc2 $5 (
35... Rd7+ 36. Rxd7 Bxd7 37. Rf1 Ra1 (37... e5 38. Bd1 Bd4 39. Bg4 (39. f6+)
39... Kf8 40. Bxd4 (40. g6 Rg2 41. gxh7 e4+ 42. Kxe4 Rxg4+ 43. Kd5 Rh4 $19)
40... exd4 41. Ke4 Rb2 42. Bd1 Rg2 43. Kf4 $14) 38. Rxa1 (38. Rf2 Ra5 39. Ke4
$14) 38... Bxf5+ 39. Ke2 Bg4+ 40. Kf2 Bxa1 41. Bxc5 Bc3 42. Bxe7 h6 43. Kg3 Bd7
44. gxh6+ Kxh6 45. Kf4 $16) 36. f6+ $8 (36. Kxc2 Be4+ 37. Kd1 Bf3+ 38. Kc1 Ra7
$11) 36... exf6 37. gxf6+ (37. Kxc2 Be4+ 38. Kd1 f5 $1 (38... Ra7 39. gxf6+
Kxf6 40. Rf8+ Ke6 41. Re8+ Re7 42. Rxe7+ Kxe7 43. Bxc5+ $18) (38... Bf3+ $6 39.
Kc1 f5 (39... Ra7 40. gxf6+ Kxf6 41. Rf8+ $18) 40. Rf1 Be4 41. Rfd1 $16) 39.
Rf1 Ra7 40. Bxc5 Ra2 41. Rd6 Bc2+ 42. Ke2 Bxb3+ 43. Ke3 Bxc4 44. Rf4 Ba6 45.
Rxf5 b3 $132) 37... Kxf6 38. Rf1+ (38. Kxc2 Be4+ $132) 38... Kg7 39. Kxc2 Be4+
40. Kd1 Ra7 $2 (40... h5 $5 $16) 41. Bxc5 $18 Ra2 42. Rf4 $4 (42. Rg1+ Bg2 $8
43. Rd7+ Kf6 44. Ra7 Rd2+ 45. Kc1 Be4 46. Rf1+ Kg6 47. Rf2 $18) 42... Bc2+ $14
43. Ke2 Bxb3+ (43... h5 $5) 44. Ke3 h5 $1 (44... Bc2 $2 {[%cal Gb4b3]} 45. Bf8+
Kg6 46. Rd6+ Kh5 47. Be7 Be1 48. Rd5+ $1 (48. Rf1 Bg3 49. Rd5+ Kg4 (49... Kh6
50. Rf6+ Kg7 51. Rg5+ Bg6 52. Rxg3) 50. Rg5+ Kh3 51. Bxb4 $16) 48... Kh6 49.
Rg4 Ra8 50. Bg5+ (50. Bd6 Bg6) 50... Kh5 (50... Kg7 51. Bh4+) 51. Kf3 $1 $18)
45. Bf8+ (45. Bd4+ Bxd4+ 46. Rfxd4 (46. Rdxd4 Bc2 $11 {[%cal Gb4b3]}) 46... Rc2
47. c5 Rxc5 48. Rxb4 $11) 45... Kg6 (45... Kh7 46. Rd7+ Kg6 47. Rd6+ Kh7 48. c5
Be6 $1 {See later}) 46. Rd6+ Kh7 47. c5 (47. Rd7+ Kg6 48. c5 Be6 $1 (48... Ra6
$5 49. Rd6+ Rxd6 50. cxd6 Be6 $11) 49. Rd6 Kh7 $1) 47... Ra8 $6 (47... Be6 $3
48. Rf2 $1 (48. Rxe6 Bd2+ 49. Ke4 Bxf4 50. Kxf4 Rf2+ 51. Kg5 Rxf8 52. Re7+ Kg8
53. c6 Rc8 54. c7 Kf8 55. Rd7 Ke8 56. Rd4 $11) (48. c6 Be5 49. Rxe6 Bxf4+ 50.
Kxf4 Rf2+ 51. Kg5 Rxf8 52. Re7+ Kg8 53. c7 b3 $11) 48... Rxf2 49. Kxf2 Bg4 $13
(49... Kg8 50. c6 Kxf8 51. Rxe6 Bd4+ 52. Kf3 Bb6 53. Re4 $18) 50. Rb6 Kg8 51.
Bd6 Kf7 $11) 48. c6 $5 Be5 49. Rd7+ Kg6 50. Re4 $5 (50. Rxb4 $2 Be6 $1 51. Re7
Kf6 52. Bg7+ Kxe7 53. Bxe5 $11) 50... Kf5 51. Bxb4 Rc8 52. Bd6 $5 Bf6 53. c7 (
53. Bc7 h4 54. Rf4+ Kg5 55. Ke4 (55. Kf3 h3 (55... Rxc7 56. Rxc7 Bd5+ 57. Ke3
Be5 58. Rd4 Bxc7 59. Rxd5+ Kg4 60. Rd7 Bb6+ 61. Ke4 $18) 56. Rb4 Be6 57. Bf4+
Kg6 58. Rd6 Rxc6 $1 59. Rxc6 Bd5+ 60. Kg4 Bxc6 61. Kxh3 Kf5 $11) 55... h3 (
55... Bc2+ 56. Kf3 h3 57. Kg3 Rxc7 58. Rxf6 Kxf6 59. Rxc7 Ke6 60. Ra7 Be4 61.
c7 Kd7 62. Kxh3 Kc8 63. Kg4 Bb7 64. Kf5 Kxc7 $11)) 53... Be6 $2 (53... Bc2 $1
54. Rf4+ Ke6 55. Rxf6+ Kxd7 $11) 54. Rh7 $16 Bg5+ 55. Bf4 Kg6 56. Rxe6+ Kxh7
57. Rc6 Bxf4+ $4 (57... Bd8 58. Rh6+ Kg7 59. cxd8=Q Rxd8 60. Rxh5 $16) (57...
Be7 58. Ke4 (58. Rh6+ Kg7 59. Rxh5 Kf6 60. Ke4 Ke6 61. Rh6+ Kd7 62. Kd5 Rxc7
63. Bxc7 Kxc7 64. Rh7 Kd8 65. Kc6 Bb4 66. Rd7+ Ke8 $11) 58... Bd8 59. cxd8=Q
Rxd8 60. Rh6+ Kg7 61. Rxh5 $16) 58. Kxf4 $18 Kg7 (58... h4 59. Ke5 h3 60. Rc3
h2 61. Rh3+ Kg6 62. Kd6 $18) 59. Ke5 h4 60. Kd6 h3 61. Kd7 h2 62. Rc1 Rh8 1-0